| 000 | 01070nam2a2200229 4500 | ||
|---|---|---|---|
| 001 | rc\2971864 | ||
| 005 | 20260315061655.0 | ||
| 035 | _a(NLR Aleph) 007117926 | ||
| 090 |
_a13607736 _c13607736 |
||
| 100 | _a20110907d1939 u y0rusy50 ca | ||
| 101 | 0 | _arus | |
| 102 | _aRU | ||
| 105 | _aac z ||||| | ||
| 200 | 1 | _aДля 5-го класса | |
| 210 | _d1939 | ||
| 215 |
_a168 с. _cил., портр. _d22 см |
||
| 461 | 0 |
_1001rc\2971863 _12001#$aКнига для чтения по русскому языку$eДля татарской неполной средней и средней школы$eЧ. 1-$fУтв. НКП РСФСР и НКП ТАССР$vЧ. 1 _96833380 _cКазань _d1939 _e2-е изд. _fУтв. НКП РСФСР и НКП ТАССР _nТатгосиздат _oДля татарской неполной средней и средней школы : Ч. 1- _tКнига для чтения по русскому языку _vЧ. 1 |
|
| 801 | 0 |
_aRU _bNLR _gpsbo |
|
| 801 | 1 |
_aRU _bELAR _2rusmarc |
|
| 852 |
_aNLR _j39-17/230(1) |
||
| 942 | _cUNSPEC | ||
| 980 | _aNB | ||